00311nam a2200121Ia 4500008004100000041000800041082001600049100001000065245005100075260002700126300001900153999001700172241015s9999 xx 000 0 und d aeng a658.312 LLO aLloyd aPerformance Appraisals and Phrases For Dummies bWileyaNew Dehlic2009 a342;. P. 22 cm c41621d41621